20k+ Cities in Belarus - Statistics

General Stats
  • This quiz has been taken 33 times
  • The average score is 23 of 39
Answer Stats
Population City % Correct
501 102 Gomel
100%
1 992 862 Minsk
100%
344 470 Brest
94%
361 115 Grodno
94%
358 395 Vitebsk
94%
207 351 Bobruisk
88%
135 696 Borisov
88%
103 916 Lida
88%
353 110 Mogilev
88%
124 295 Pinsk
88%
97 818 Soligorsk
81%
52 635 Kobrin
75%
89 068 Molodechno
75%
105 152 Mozir
75%
95 717 Novopolotsk
75%
102 759 Orsha
75%
79 579 Polotsk
75%
60 056 Slutsk
75%
76 844 Zhlobin
69%
65 213 Rechitsa
63%
63 744 Zhodino
63%
171 361 Baranovichy
56%
62 602 Svetlogorsk
56%
48 907 Slonim
50%
35 422 Smorgon
44%
41 510 Volkovysk
44%
29 796 Dzerzhinsk
38%
23 592 Luninets
38%
28 376 Beryoza
31%
27 936 Novogrudok
31%
36 941 Kalinkovichi
25%
29 103 Osipovichi
25%
31 821 Rogachev
25%
28 961 Gorki
19%
23 264 Krichev
19%
22 679 Smolevichi
19%
26 625 Vileyka
19%
22 377 Ivatsevichy
13%
20 096 Maryina Gorka
13%
No matching quizzes found
Score Distribution
Percent of People with Each Score
Percentile by Number Answered
Your Score History
You have not taken this quiz